000 00591nam a2200181Ia 4500
008 090123s9999 xx 000 0 und d
082 _b12437
100 _aमाडगुळकर ग.दी.
245 _aतीळ आणि तांदूळ
250 _a1
260 _bविश्वमोहिनी प्रकाशन
_c1980
300 _a200
600 _aमाडगुळकर ग.दी.
630 _aतीळ आणि तांदूळ
700 _aमाडगुळकर ग.दी.
730 _aतीळ आणि तांदूळ
942 _cBOOK
999 _c50502
_d50502